LEADER 01853nam0 2200421 i 450 001 RMS2210552 005 20251003044346.0 010 $a9788838666070 020 $aIT$b2009-2786 100 $a20240130d2009 ||||0itac50 ba 101 | $aita 102 $ait 181 1$6z01$ai $bxxxe 182 1$6z01$an 183 1$6z01$anc$2RDAcarrier 200 1 $aEconomia e gestione delle imprese$fFranco Fontana, Matteo Caroli 205 $a3. ed 210 $aMilano$cMcGraw-Hill$d2009 215 $aXVI, 508 p.$d24 cm 300 $aIn copertina: Web site 500 10$aEconomia e gestione delle imprese$3USM1958281$9CFIV200840$914384 606 $aImprese$xGestione$2FIR$3CFIC001120$9E 676 $a658$9GESTIONE GENERALE$v14 676 $a658$9GESTIONE IN GENERALE$v21 686 $aHD 30.22$c$2C 700 1$aFontana$b, Franco$f <1943- >$3CFIV200840$4070$089406 701 1$aCaroli$b, Matteo G.$3CFIV102945$4070$0437332 790 1$aCaroli$b, Matteo$3CFIV181400$zCaroli, Matteo G. 790 1$aCaroli$b, Matteo Giuliano$3CFIV365828$zCaroli, Matteo G. 790 1$aCaroli$b, Matteo$3CFIV181400$zCaroli, Matteo G. 801 3$aIT$bIT-000000$c20240130 850 $aIT-BN0095 901 $bNAP 01$cAZ $n$ 912 $aRMS2210552 950 0$aBiblioteca Centralizzata di Ateneo$c1 v.$d 01AZ (C) 22 886$e 01C 0800228865 VMA 1 v.$fY $h20120911$i20120911$c1 v. in due copie$d 01AZ (C) 22 920$e 01C 0800229205 VMA (bis 1 v. (2. copia)$fY $h20120911$i20120911$c1 v. in tre copie$d 01AZ (C) 22 921$e 01C 0800229215 VMA (ter 1 v. (3. copia)$fY $h20120911$i20120911 977 $a 01 996 $aEconomia e gestione delle imprese$914384 997 $aUNISANNIO